000 01119cam a2200301 i 4500
001 11252
003 BD-RjUL
005 20211208235108.0
008 140126t1975 gw a b 001 0 eng
020 _a0387073027
035 _a(BD-RjUL)11301
040 _aDLC
_cDLC
_dDLC
_dBD-RjUL
_beng
041 _aeng
082 0 0 _a548.81
_216
_bMEA 1975
100 1 _aMeier, Gerhard,
_d1930-
_934820
245 0 0 _aApplications of liquid crystals /
_cG. Meier, E. Sackmann, J. G. Grabmaier.
260 _aBerlin ;
_aNew York :
_bSpringer-Verlag,
_c1975.
300 _a164 p. :
_bill. ;
_c25 cm.
504 _aIncludes bibliographical references and indexes.
505 0 _aMeier, G. Physical properties of liquid crystals.--Sackmann, E. Scientific applications of liquid crystals.--Grabmaier, J. G. Medical and technical applications of liquid crystals.
650 0 _aLiquid crystals.
_930218
650 0 _aLiquid crystal devices.
_934821
700 1 _aSackmann, E.
_q(Erich),
_ejoint author.
_934822
700 1 _aGrabmaier, J. G.,
_ejoint author.
_934823
942 _2ddc
_cBK
999 _c11252
_d11252